Trondheim - Choix Multiples - Statistiques

Statistiques générales
  • Ce quiz a été pris 8 fois
  • Le résultat moyen est 6 sur 10
Statistiques - réponses
Question Réponse % Correct
Quel quartier du centre historique de la ville est connue pour ses maisons en bois colorées sur pilotis ? Bakklandet
75%
Quel évènement majeur de la monarchie norvégienne se déroule traditionnellement à Trondheim ? Les couronnements des rois de Norvège
75%
Quel photo montre la Cathédrale de Trondheim ?
63%
Comment ce nomme la spécialité de saumon marinée locale, que l'on trouve dans les marchés de Trondheim ? Le gravlax
63%
Quel était le nom viking de Trondheim ? Nidaros
63%
Laquelle de ses infrastructures insolite, existe uniquement à Trondheim ? Un ascenseur à vélo
63%
Quelle importante université de Norvège, se situe à Trondheim ? Université norvègienne des sciences et de la technologie
63%
Quel fleuve traverse la ville ? La Nidevla
50%
Selon la tradition, quel célèbre roi viking est enterrer à Trondheim Olaf II Haraldsson
50%
Quelle était l'une des principales fonctions historique de l'île de Munkholmen, situé dans le Trondheimsfjørd au large de la ville ? Une forteresse d'État qui servait de prison
50%
Aucun quiz correspondant
Distribution des résultats
% des personnes avec chaque résultat
Percentile par nombre de réponses
Votre historique - résultats
Vous n’avez pas pris ce quiz